| 000 | 00793nam a2200205 i 4500 | ||
|---|---|---|---|
| 001 | 184199 | ||
| 003 | ES-MaACL | ||
| 005 | 20251015164743.0 | ||
| 008 | 150429s1970 sp ao d |||| |dspa d | ||
| 080 | _a929:73(100)(38) | ||
| 245 | 0 | 0 |
_aDiccionario universal del arte y de los artistas. _pEscultores / _c[publicado bajo la dirección de Robert Maillard ; traducción y adaptación de Juan-Eduardo Cirlot]. |
| 246 | 3 | 5 | _aDiccionario universal de escultores |
| 260 |
_aBarcelona : _bGustavo Gili, _c[1970] |
||
| 300 |
_a301 p. : _bil., fot. ; _c25 cm. |
||
| 650 | 7 |
_aEscultores- _xBiografías- _vDiccionarios. _9156790 |
|
| 700 | 1 |
_aMaillard, Robert. _975579 |
|
| 700 | 1 |
_aCirlot, Juan-Eduardo, _d1916-1973 _938898 |
|
| 852 |
_aES-MaACL _jE-15580 _z. - enc. cart. |
||
| 999 |
_c184199 _d184199 |
||